[Event "Blankenese op 3rd"]
[Site "Hamburg"]
[Date "2019.10.05"]
[Round "5"]
[White "Urban, Ralf Dieter"]
[Black "Wennmann, Thorsten"]
[Result "0-1"]
[WhiteElo "1950"]
[BlackElo "1872"]
[PlyCount "66"]
[EventDate "2019.10.03"]
[EventType "swiss"]
[EventRounds "7"]
[EventCountry "GER"]
[SourceTitle "EXT 2023"]
[Source "ChessBase"]
[SourceDate "2022.10.05"]
[SourceVersion "1"]
[SourceVersionDate "2022.10.05"]
[SourceQuality "1"]

1. e4 c5 2. Nf3 Nf6 3. e5 Nd5 4. d4 cxd4 5. c3 e6 6. cxd4 d6 7. Nc3 Nc6 8. Bb5 Bd7 9. 0-0 Nxc3 10. bxc3 dxe5 11. d5 e4 12. Ng5 Ne5 13. dxe6 Bxb5 14. exf7+ Nxf7 15. Qb3 Nd6 16. Re1 Qd7 17. Nxe4 0-0-0 18. Bg5 Re8 19. Nc5 Qf5 20. Rxe8+ Bxe8 21. Be3 Bc6 22. Rd1 Qg4 23. Qe6+ Qxe6 24. Nxe6 Be7 25. Nxg7 Rg8 26. Bd4 Nb5 27. Be5 Nc7 28. g3 Bd7 29. f4 Bf8 30. Nh5 Bg4 31. Nf6 Bxd1 32. Nxg8 Ne8 33. h3 Bf3 0-1

[Event "Blankenese op 3rd"]
[Site "Hamburg"]
[Date "2019.10.05"]
[Round "6"]
[White "Wennmann, Thorsten"]
[Black "Reddmann, Hauke"]
[Result "0-1"]
[WhiteElo "1872"]
[BlackElo "2178"]
[PlyCount "52"]
[EventDate "2019.10.03"]
[EventType "swiss"]
[EventRounds "7"]
[EventCountry "GER"]
[SourceTitle "EXT 2023"]
[Source "ChessBase"]
[SourceDate "2022.10.05"]
[SourceVersion "1"]
[SourceVersionDate "2022.10.05"]
[SourceQuality "1"]

1. e4 c5 2. Nf3 d6 3. d4 cxd4 4. Nxd4 Nf6 5. Nc3 a6 6. Be2 b5 7. Bf3 Ra7 8. Be3 Rd7 9. 0-0 Bb7 10. a4 b4 11. Nd5 e6 12. Nxf6+ gxf6 13. Bh5 Re7 14. Qg4 Qd7 15. Rfd1 Nc6 16. b3 Ne5 17. Qe2 Bxe4 18. Qxa6 Bb7 19. Qe2 Rg8 20. g3 Qc8 21. Qb5+ Rd7 22. f4 Ng4 23. Re1 e5 24. Qe2 Nxe3 25. Qxe3 Be7 26. Nb5 Qc6 0-1

[Event "Hamburg HSK Elo 6th"]
[Site "Hamburg"]
[Date "2009.04.30"]
[Round "2"]
[White "Pajeken, Wolfgang"]
[Black "Wennmann, Thorsten"]
[Result "1-0"]
[WhiteElo "2317"]
[BlackElo "2103"]
[PlyCount "109"]
[EventDate "2009.04.30"]
[EventType "swiss"]
[EventRounds "7"]
[EventCountry "GER"]
[SourceTitle "EXT 2022"]
[Source "ChessBase"]
[SourceDate "2021.10.06"]
[SourceVersion "1"]
[SourceVersionDate "2021.10.06"]
[SourceQuality "1"]

1. d4 f5 2. Nc3 Nf6 3. Bg5 d5 4. Bxf6 exf6 5. e3 c6 6. Bd3 Bd6 7. Qf3 g6 8. h4 h5 9. 0-0-0 Be6 10. Kb1 Qe7 11. Nh3 Nd7 12. Ne2 0-0-0 13. g3 Kb8 14. c3 Bf7 15. Rc1 Nb6 16. b3 Ba3 17. Rc2 c5 18. dxc5 Bxc5 19. Nd4 Nd7 20. Qd1 Ne5 21. Be2 Rc8 22. Nf4 Rhd8 23. Nd3 Bb6 24. Qd2 a6 25. Rhc1 Rc7 26. Nb2 Rdc8 27. Bf1 Qe8 28. Bg2 Ba7 29. Nd3 Qd7 30. Rd1 Bxd4 31. exd4 Nxd3 32. Qxd3 Re8 33. Bf3 Qd6 34. Qd2 Rec8 35. Kb2 Ka7 36. Re1 b5 37. a3 Qf8 38. Qf4 Kb7 39. Rec1 Kb6 40. Re2 a5 41. Rec2 Qe7 42. Ra1 Qd7 43. a4 b4 44. Rac1 bxc3+ 45. Rxc3 Rxc3 46. Rxc3 Rxc3 47. Kxc3 Qc6+ 48. Kb2 Kb7 49. Be2 Qe6 50. Qd2 Be8 51. Bd3 Qb6 52. Ka3 Bd7 53. b4 axb4+ 54. Qxb4 g5 55. f4 1-0

[Event "Harburg-chA 5th"]
[Site "Hamburg"]
[Date "2007.07.06"]
[Round "1"]
[White "Wennmann, Thorsten"]
[Black "Mueller, Jan Hendrik"]
[Result "1/2-1/2"]
[WhiteElo "2019"]
[BlackElo "2040"]
[PlyCount "107"]
[EventDate "2007.07.06"]
[EventType "tourn"]
[EventRounds "5"]
[EventCountry "GER"]
[SourceTitle "EXT 2008"]
[Source "ChessBase"]
[SourceDate "2007.11.25"]
[SourceVersion "1"]
[SourceVersionDate "2007.11.25"]
[SourceQuality "1"]

1. d4 Nf6 2. c4 c5 3. Nf3 cxd4 4. Nxd4 a6 5. Nc3 e5 6. Nb3 Bb4 7. Bg5 Bxc3+ 8. bxc3 0-0 9. e3 Re8 10. Qd2 b6 11. f3 Re6 12. e4 Qc7 13. Rd1 a5 14. c5 a4 15. cxb6 Rxb6 16. Nc1 Ba6 17. Bxa6 Raxa6 18. 0-0 Rc6 19. Ne2 Rab6 20. Rb1 Na6 21. Be3 Nc5 22. Qc2 Rxb1 23. Rxb1 Rb6 24. Rb4 d5 25. Qb1 Rb7 26. Rxb7 Qxb7 27. Qxb7 Nxb7 28. Bg5 dxe4 29. Bxf6 exf3 30. Bxe5 fxe2 31. Kf2 f6 32. Bd4 Kf7 33. Kxe2 Ke6 34. Kd3 Kd5 35. c4+ Kc6 36. Kc3 Nd6 37. Kb4 h5 38. Bc5 Ne4 39. Bf8 g5 40. Kxa4 f5 41. Kb3 f4 42. Kc2 g4 43. Kd1 h4 44. Ke2 Nc3+ 45. Kf2 Nd1+ 46. Kg1 Nc3 47. h3 gxh3 48. gxh3 Nxa2 49. Be7 Nc1 50. Bxh4 Kc5 51. Kg2 Kxc4 52. Kf3 Kd5 53. Kxf4 Ne2+ 54. Kf5 1/2-1/2